Statistiques concernant Pays ou il y a le plus d'Italiens

Cliquez ici pour prendre le quiz!

Statistiques générales

  • Ce quiz a été pris 377 fois
  • Le résultat moyen est 12 sur 17

Statistiques - réponses

NombrePays% Correct
4 000 000France
100%
56 400 000Italie
98%
20 800 000États-Unis
95%
611 000Allemagne
93%
153 700Espagne
93%
800 000Suisse
90%
133 500Royaume-Uni
83%
1 445 335Canada
80%
32 000 000Brésil
75%
25 000 000Argentine
71%
530 000Belgique
65%
600 000Chili
55%
916 121Australie
54%
2 000 000Colombie
50%
590 000Pérou
48%
2 500 000Uruguay
42%
1 736 766Venezuela
40%

Distribution des résultats

Percentile par nombre de réponses

% des personnes avec chaque résultat

Votre développement - résultats

Vous n’avez pas pris ce quiz